Compositeurs classique - Statistiques

Statistiques générales
  • Ce quiz a été pris 128 fois
  • Le résultat moyen est 9 sur 15
Statistiques - réponses
Morceau
Compositeur
(nom de famille)
% Correct
Boléro Ravel
99%
Les quatre saisons Vivaldi
88%
Carmen Bizet
78%
Ode à la joie Beethoven
76%
Clair de Lune Debussy
69%
La Traviata Verdi
69%
Petite musique de nuit Mozart
66%
Danse hongroise Brahms
65%
Rhapsody in Blue Gershwin
53%
Symphonie du Nouveau Monde Dvorak
52%
Jésus que ma joie demeure Bach
51%
Lohengrin Wagner
46%
Symphonie fantastique Berlioz
45%
Marche de Radetzky Strauss
42%
La Vie parisienne Offenbach
29%
Aucun quiz correspondant
Distribution des résultats
% des personnes avec chaque résultat
Percentile par nombre de réponses
Votre historique - résultats
Vous n’avez pas pris ce quiz